[Event "Bundesliga 9899"]
[Site "Deutschland"]
[Date "1998.11.22"]
[Round "4.7"]
[White "Gabriel, Christian"]
[Black "Dinstuhl, Volkmar"]
[Result "1/2-1/2"]
[WhiteElo "2555"]
[BlackElo "2415"]
[PlyCount "88"]
[EventDate "1998.10.17"]
[EventType "team"]
[EventRounds "15"]
[EventCountry "GER"]
[SourceTitle "Bundesliga 9899"]
[Source "DeepChess"]
[SourceDate "2005.01.01"]
[SourceVersion "1"]
[SourceVersionDate "2005.01.01"]
[SourceQuality "1"]
[WhiteTeam "SG 1868 Aljech. Solingen"]
[BlackTeam "SV Castrop Rauxel 1923"]
[WhiteTeamCountry "GER"]
[BlackTeamCountry "GER"]

1. d4 Nf6 2. c4 e6 3. Nf3 b6 4. a3 c5 5. d5 Ba6 6. Qc2 exd5 7. cxd5 g6 8. Nc3
Bg7 9. g3 O-O 10. Bg2 d6 11. O-O Re8 12. Re1 Nbd7 13. h3 b5 14. e4 Qc8 15. Bf4
b4 16. Nd1 b3 17. Qb1 Qc7 18. Nc3 Rab8 19. Qd1 Nh5 20. Bd2 Nb6 21. Qxb3 Nc4 22.
Qa4 Qb6 23. Ra2 Nxd2 24. Nxd2 Bd4 25. Bf1 Bxf1 26. Kxf1 Qd8 27. Qd1 Qd7 28. Kg2
f5 29. exf5 Qxf5 30. Nde4 Rxe4 31. Nxe4 Qxd5 32. b3 Rxb3 33. Rae2 Rxa3 34. Kh2
Kg7 35. Qd2 Rf3 36. Ng5 Rf8 37. Ne6+ Qxe6 38. Rxe6 Rxf2+ 39. Qxf2 Bxf2 40. Re7+
Kh6 41. Ra1 Bxg3+ 42. Kg2 Be5 43. Raxa7 Nf6 44. Rac7 Kh5 1/2-1/2

[Event "Bundesliga 9899"]
[Site "Deutschland"]
[Date "1998.11.22"]
[Round "4.8"]
[White "Brendel, Oliver"]
[Black "Kasimdzhanov, Rustam"]
[Result "1/2-1/2"]
[WhiteElo "2420"]
[BlackElo "2565"]
[PlyCount "60"]
[EventDate "1998.10.17"]
[EventType "team"]
[EventRounds "15"]
[EventCountry "GER"]
[SourceTitle "Bundesliga 9899"]
[Source "DeepChess"]
[SourceDate "2005.01.01"]
[SourceVersion "1"]
[SourceVersionDate "2005.01.01"]
[SourceQuality "1"]
[WhiteTeam "SV Castrop Rauxel 1923"]
[BlackTeam "SG 1868 Aljech. Solingen"]
[WhiteTeamCountry "GER"]
[BlackTeamCountry "GER"]

1. e4 g6 2. d4 Bg7 3. Nc3 d6 4. f4 c6 5. Nf3 Bg4 6. Be3 Nd7 7. h3 Bxf3 8. Qxf3
b5 9. e5 b4 10. Ne4 d5 11. Nd2 e6 12. g4 Ne7 13. Bd3 c5 14. c3 bxc3 15. bxc3
Qa5 16. Nb3 Qc7 17. Nxc5 Nxc5 18. dxc5 O-O 19. O-O Nc6 20. Bd4 Rab8 21. Qe3 Rb2
22. Rfb1 Rfb8 23. Qc1 Rxb1 24. Rxb1 g5 25. Rxb8+ Qxb8 26. f5 Nxe5 27. Qe3 h6
28. a4 Qc7 29. Kg2 Bf6 30. Bb5 Kg7 1/2-1/2

[Event "Bundesliga 9899"]
[Site "Deutschland"]
[Date "1998.11.22"]
[Round "4.3"]
[White "Hall, Jesper"]
[Black "Schmittdiel, Eckhard"]
[Result "0-1"]
[WhiteElo "2460"]
[BlackElo "2460"]
[PlyCount "68"]
[EventDate "1998.10.17"]
[EventType "team"]
[EventRounds "15"]
[EventCountry "GER"]
[SourceTitle "Bundesliga 9899"]
[Source "DeepChess"]
[SourceDate "2005.01.01"]
[SourceVersion "1"]
[SourceVersionDate "2005.01.01"]
[SourceQuality "1"]
[WhiteTeam "SV Wattenscheid 1930"]
[BlackTeam "SG Bochum 31"]
[WhiteTeamCountry "GER"]
[BlackTeamCountry "GER"]

1. e4 c5 2. Nf3 e6 3. Qe2 Nc6 4. g3 g6 5. Bg2 Bg7 6. c3 Nge7 7. h4 h6 8. d3 e5
9. a3 a5 10. a4 d6 11. Na3 Be6 12. Be3 f5 13. Nb5 Qd7 14. Nd2 O-O 15. f4 Rae8
16. Nc4 Nc8 17. O-O-O N6a7 18. Nxa7 Nxa7 19. fxe5 fxe4 20. dxe4 Qxa4 21. Nxd6
Rd8 22. Bxc5 Bxe5 23. Bxa7 Bb3 24. Rd3 Rxd6 25. Rxd6 Bxd6 26. Qd3 Bxg3 27. Qxg3
Qa1+ 28. Kd2 Qxb2+ 29. Kd3 Qc2+ 30. Kd4 Qd2+ 31. Kc5 Rc8+ 32. Kb5 Qd7+ 33. Kxa5
Qa4+ 34. Kb6 Qa6# 0-1

[Event "Bundesliga 9899"]
[Site "Deutschland"]
[Date "1998.11.22"]
[Round "4.4"]
[White "Bosch, Jeroen"]
[Black "Ziegler, Ari"]
[Result "1/2-1/2"]
[WhiteElo "2460"]
[BlackElo "2425"]
[PlyCount "56"]
[EventDate "1998.10.17"]
[EventType "team"]
[EventRounds "15"]
[EventCountry "GER"]
[SourceTitle "Bundesliga 9899"]
[Source "DeepChess"]
[SourceDate "2005.01.01"]
[SourceVersion "1"]
[SourceVersionDate "2005.01.01"]
[SourceQuality "1"]
[WhiteTeam "SG Bochum 31"]
[BlackTeam "SV Wattenscheid 1930"]
[WhiteTeamCountry "GER"]
[BlackTeamCountry "GER"]

1. e4 c5 2. Nf3 Nc6 3. d4 cxd4 4. Nxd4 Nf6 5. Nc3 e5 6. Ndb5 d6 7. Bg5 a6 8.
Na3 b5 9. Bxf6 gxf6 10. Nd5 Bg7 11. Bd3 Ne7 12. Nxe7 Qxe7 13. c4 f5 14. O-O O-O
15. Qe2 Bb7 16. Rad1 Rfd8 17. f3 bxc4 18. Nxc4 fxe4 19. fxe4 d5 20. Ne3 dxe4
21. Nf5 Qc5+ 22. Kh1 Rxd3 23. Qg4 Qf8 24. Rxd3 exd3 25. Nh6+ Kh8 26. Nxf7+ Kg8
27. Nh6+ Kh8 28. Nf7+ Kg8 1/2-1/2

[Event "Bundesliga 9899"]
[Site "Deutschland"]
[Date "1998.11.22"]
[Round "4.5"]
[White "Holzke, Frank"]
[Black "Reschke, Stefan"]
[Result "1-0"]
[WhiteElo "2410"]
[BlackElo "2380"]
[PlyCount "67"]
[EventDate "1998.10.17"]
[EventType "team"]
[EventRounds "15"]
[EventCountry "GER"]
[SourceTitle "Bundesliga 9899"]
[Source "DeepChess"]
[SourceDate "2005.01.01"]
[SourceVersion "1"]
[SourceVersionDate "2005.01.01"]
[SourceQuality "1"]
[WhiteTeam "SV Wattenscheid 1930"]
[BlackTeam "SG Bochum 31"]
[WhiteTeamCountry "GER"]
[BlackTeamCountry "GER"]

1. e4 c5 2. Nf3 d6 3. d4 cxd4 4. Nxd4 Nf6 5. Nc3 g6 6. Be3 Bg7 7. f3 Nc6 8. Qd2
O-O 9. O-O-O Nxd4 10. Bxd4 Be6 11. Kb1 Qc7 12. h4 Rfc8 13. g4 Qa5 14. Qg5 Qxg5
15. hxg5 Nd7 16. Bxg7 Kxg7 17. Rh4 Rh8 18. f4 Nb6 19. a4 a5 20. Bb5 Rad8 21. f5
Bc8 22. Rf1 f6 23. gxf6+ Kxf6 24. fxg6+ Kxg6 25. Bd3 e5 26. Nd5 Nxa4 27. Ne7+
Kg7 28. Nf5+ Bxf5 29. exf5 h6 30. g5 Nc5 31. f6+ Kg8 32. g6 Nxd3 33. g7 Rh7 34.
f7+ 1-0

[Event "Bundesliga 9899"]
[Site "Deutschland"]
[Date "1998.11.22"]
[Round "4.6"]
[White "Ellers, Holger"]
[Black "Koehn, Peter"]
[Result "1/2-1/2"]
[WhiteElo "2450"]
[BlackElo "2300"]
[PlyCount "169"]
[EventDate "1998.10.17"]
[EventType "team"]
[EventRounds "15"]
[EventCountry "GER"]
[SourceTitle "Bundesliga 9899"]
[Source "DeepChess"]
[SourceDate "2005.01.01"]
[SourceVersion "1"]
[SourceVersionDate "2005.01.01"]
[SourceQuality "1"]
[WhiteTeam "SG Bochum 31"]
[BlackTeam "SV Wattenscheid 1930"]
[WhiteTeamCountry "GER"]
[BlackTeamCountry "GER"]

1. d4 Nf6 2. Nf3 e6 3. g3 b5 4. Bg2 Bb7 5. O-O c5 6. Na3 a6 7. c4 b4 8. Nc2
cxd4 9. Ncxd4 Be7 10. Bf4 O-O 11. Rc1 d6 12. Bd2 a5 13. Nb5 h6 14. Bf4 e5 15.
Be3 Nc6 16. Nd2 Ng4 17. Ne4 Nxe3 18. fxe3 Qb6 19. Nbxd6 Qxe3+ 20. Kh1 Bxd6 21.
Nxd6 Rad8 22. c5 Ba8 23. Qd3 Qg5 24. Qc4 Qe7 25. e3 Qc7 26. Kg1 e4 27. Qxe4 Rd7
28. Qf4 f6 29. Nc4 Bb7 30. Qxc7 Rxc7 31. Rfd1 Ba6 32. Bd5+ Kh7 33. Nd6 Ne5 34.
Be4+ g6 35. Kg2 Kg7 36. c6 f5 37. Bb1 Kf6 38. e4 Ke6 39. exf5+ gxf5 40. a3 b3
41. Nb7 Bc4 42. Nc5+ Ke7 43. Nd7 Nxd7 44. Rxc4 Nb6 45. Rc5 f4 46. Be4 fxg3 47.
hxg3 Na4 48. Rxa5 Nxb2 49. Re1 Rf6 50. Bd5+ Kd6 51. Bxb3 Rxc6 52. Rd5+ Kc7 53.
Re7+ Kb6 54. Rdd7 Nc4 55. Rb7+ Kc5 56. a4 Nd6 57. Rb8 Nf5 58. Re4 Nd6 59. Rf4
Rg6 60. Bc2 Re6 61. Bd1 Rb6 62. Rxb6 Kxb6 63. Bb3 Re3 64. Bd5 Kc5 65. Bf3 Re6
66. Kh3 Rg6 67. g4 Nc4 68. Be2 Na5 69. Kh4 Rd6 70. Kh5 Nc6 71. Bb5 Nd4 72. Be8
Ne6 73. Rf7 Kb4 74. Bb5 Nd4 75. Rf4 Kc5 76. Be8 Ne6 77. Rf7 Kb4 78. Bd7 Nd4 79.
Bb5 Kc5 80. Rh7 Nf3 81. Rc7+ Kb6 82. Rf7 Ne5 83. Rh7 Kc5 84. Re7 Ng6 85. Rf7
1/2-1/2

[Event "Bundesliga 9899"]
[Site "Deutschland"]
[Date "1998.11.22"]
[Round "4.7"]
[White "Straeter, Timo"]
[Black "De Gleria, Francesco"]
[Result "1-0"]
[WhiteElo "2300"]
[BlackElo "2245"]
[PlyCount "99"]
[EventDate "1998.10.17"]
[EventType "team"]
[EventRounds "15"]
[EventCountry "GER"]
[SourceTitle "Bundesliga 9899"]
[Source "DeepChess"]
[SourceDate "2005.01.01"]
[SourceVersion "1"]
[SourceVersionDate "2005.01.01"]
[SourceQuality "1"]
[WhiteTeam "SV Wattenscheid 1930"]
[BlackTeam "SG Bochum 31"]
[WhiteTeamCountry "GER"]
[BlackTeamCountry "GER"]

1. d4 Nf6 2. c4 g6 3. Nc3 Bg7 4. Nf3 O-O 5. Bg5 d6 6. e3 b6 7. Be2 Bb7 8. Qc2
Nbd7 9. O-O e6 10. Rad1 Qe7 11. Bh4 h6 12. Nd2 Rfc8 13. Nde4 d5 14. Nxf6+ Nxf6
15. cxd5 exd5 16. Bf3 Qe6 17. Bxf6 Bxf6 18. h3 Bg7 19. Rfe1 c6 20. e4 dxe4 21.
Nxe4 Re8 22. Re2 Qd7 23. h4 Rad8 24. h5 Kh8 25. hxg6 fxg6 26. Nc3 Rxe2 27. Nxe2
Qd6 28. Qe4 Rf8 29. g3 g5 30. Nc3 Ba8 31. Be2 Qf6 32. f3 Qd8 33. Kg2 c5 34. d5
Bxc3 35. bxc3 Re8 36. Qc4 Qe7 37. Bd3 Qe3 38. Be4 g4 39. Qd3 gxf3+ 40. Bxf3 Kg7
41. c4 Bb7 42. Qxe3 Rxe3 43. Kf2 Ra3 44. Rd2 Kf6 45. Bg4 Ke7 46. d6+ Kd8 47. d7
Rc3 48. Re2 Rd3 49. Re8+ Kc7 50. Rc8+ 1-0

[Event "Bundesliga 9899"]
[Site "Deutschland"]
[Date "1998.11.22"]
[Round "4.8"]
[White "Kitte, Sebastian"]
[Black "Sandkamp, Ralph"]
[Result "1/2-1/2"]
[WhiteElo "2305"]
[BlackElo "2245"]
[PlyCount "110"]
[EventDate "1998.10.17"]
[EventType "team"]
[EventRounds "15"]
[EventCountry "GER"]
[SourceTitle "Bundesliga 9899"]
[Source "DeepChess"]
[SourceDate "2005.01.01"]
[SourceVersion "1"]
[SourceVersionDate "2005.01.01"]
[SourceQuality "1"]
[WhiteTeam "SG Bochum 31"]
[BlackTeam "SV Wattenscheid 1930"]
[WhiteTeamCountry "GER"]
[BlackTeamCountry "GER"]

1. d4 g6 2. c4 Bg7 3. e4 d6 4. Nc3 Nd7 5. Nf3 e5 6. d5 a5 7. Be2 h6 8. Be3 Ne7
9. g4 Nc5 10. Rg1 b6 11. b3 Bd7 12. h4 Ng8 13. Qc2 Nf6 14. Nd2 Nh7 15. g5 hxg5
16. hxg5 f5 17. gxf6 Qxf6 18. O-O-O Qf7 19. Nf3 Nf6 20. Ng5 Qe7 21. Rh1 Nh5 22.
Rdg1 O-O-O 23. Ne6 Nxe6 24. dxe6 Bxe6 25. Nd5 Qf7 26. b4 Nf4 27. bxa5 bxa5 28.
Bf1 c5 29. Qa4 Qb7 30. Qxa5 Rxh1 31. Rxh1 Rh8 32. Rxh8+ Bxh8 33. f3 Bg7 34. Kc2
Bh6 35. Bc1 Bg5 36. Nc3 Bd8 37. Qa4 Bd7 38. Nb5 Ne6 39. Be3 Kb8 40. Bh3 Be7 41.
Kd1 Bxb5 42. cxb5 Nc7 43. Bd7 Nd5 44. exd5 Qxd7 45. Qa6 Qf5 46. Qb6+ Kc8 47.
Qc6+ Kd8 48. Ke2 Qc2+ 49. Bd2 c4 50. Qb6+ Kd7 51. Qa7+ Ke8 52. Qe3 Qxa2 53. b6
Qa6 54. Kf2 Bd8 55. Kg2 Qxb6 1/2-1/2

[Event "Bundesliga 9899"]
[Site "Deutschland"]
[Date "1998.12.12"]
[Round "5.1"]
[White "Hodgson, Julian M"]
[Black "Rozentalis, Eduardas"]
[Result "1/2-1/2"]
[WhiteElo "2575"]
[BlackElo "2610"]
[PlyCount "104"]
[EventDate "1998.10.17"]
[EventType "team"]
[EventRounds "15"]
[EventCountry "GER"]
[SourceTitle "Bundesliga 9899"]
[Source "DeepChess"]
[SourceDate "2005.01.01"]
[SourceVersion "1"]
[SourceVersionDate "2005.01.01"]
[SourceQuality "1"]
[WhiteTeam "Delmenhorster SK 1931"]
[BlackTeam "SV Castrop Rauxel 1923"]
[WhiteTeamCountry "GER"]
[BlackTeamCountry "GER"]

1. b3 e5 2. Bb2 Nc6 3. e3 d6 4. Bb5 Nge7 5. Ne2 a6 6. Bxc6+ Nxc6 7. d4 exd4 8.
Nxd4 Ne5 9. O-O Be7 10. f4 Ng4 11. Qf3 d5 12. Nc3 Nf6 13. f5 O-O 14. Rad1 Re8
15. Kh1 Bf8 16. Nde2 Qe7 17. Nxd5 Nxd5 18. Qxd5 Qxe3 19. Ng3 Rb8 20. Qc4 b5 21.
Qg4 Qh6 22. Nh5 Rb6 23. Rfe1 Rxe1+ 24. Rxe1 Qg6 25. fxg6 Bxg4 26. Nxg7 fxg6 27.
Ne8 Bf5 28. g4 Bc8 29. Nf6+ Kf7 30. Nxh7 Bb7+ 31. Kg1 Bc5+ 32. Kf1 Be7 33. Bd4
Re6 34. Rxe6 Kxe6 35. Be3 Be4 36. c3 Bb1 37. a4 bxa4 38. bxa4 a5 39. Ng5+ Kd5
40. h4 Kc4 41. Nf3 Be4 42. Nd2+ Kd3 43. Bf4 Ba8 44. g5 Kxc3 45. Ke2 c5 46. Nf3
Bxf3+ 47. Kxf3 c4 48. Ke4 Kb3 49. h5 gxh5 50. g6 Bf8 51. Bd6 Bg7 52. Be5 Bh6
1/2-1/2

[Event "Bundesliga 9899"]
[Site "Deutschland"]
[Date "1998.12.12"]
[Round "5.2"]
[White "Van der Sterren, Paul"]
[Black "Agdestein, Simen"]
[Result "1/2-1/2"]
[WhiteElo "2550"]
[BlackElo "2570"]
[PlyCount "192"]
[EventDate "1998.10.17"]
[EventType "team"]
[EventRounds "15"]
[EventCountry "GER"]
[SourceTitle "Bundesliga 9899"]
[Source "DeepChess"]
[SourceDate "2005.01.01"]
[SourceVersion "1"]
[SourceVersionDate "2005.01.01"]
[SourceQuality "1"]
[WhiteTeam "SV Castrop Rauxel 1923"]
[BlackTeam "Delmenhorster SK 1931"]
[WhiteTeamCountry "GER"]
[BlackTeamCountry "GER"]

1. c4 c5 2. Nf3 Nc6 3. Nc3 g6 4. e3 Nf6 5. d4 cxd4 6. exd4 d5 7. cxd5 Nxd5 8.
Qb3 Nxc3 9. Bc4 e6 10. bxc3 Bd6 11. Bh6 Bf8 12. Bxf8 Kxf8 13. O-O Na5 14. Qb4+
Kg7 15. Be2 b6 16. Rfd1 Bb7 17. c4 Rc8 18. c5 Bd5 19. Ne1 Nc6 20. Qa4 bxc5 21.
dxc5 Qa5 22. Qc2 Rhd8 23. Bf3 Kg8 24. Bxd5 exd5 25. Nd3 Nd4 26. Qb2 Ne6 27. Qf6
Nxc5 28. Ne5 Qc7 29. Ng4 Ne4 30. Nh6+ Kf8 31. Qh8+ Ke7 32. Qd4 Qb6 33. Qe5+ Qe6
34. Qd4 Qb6 35. Qe5+ Qe6 36. Qd4 Rc4 37. Qxa7+ Kf8 38. f3 Nc3 39. Re1 Qd7 40.
Qxd7 Rxd7 41. Ng4 Rd6 42. Re3 d4 43. Rd3 f5 44. Ne3 Rcc6 45. Nd1 Ne2+ 46. Kf1
Rc2 47. Rb1 Rxa2 48. g3 Rc6 49. Rb2 Rxb2 50. Nxb2 Rc2 51. Nd1 Ke7 52. Ne3 Ra2
53. Nc4 Nc1 54. Rxd4 Rxh2 55. g4 Ne2 56. Rd2 Ng3+ 57. Kg1 Rxd2 58. Nxd2 f4 59.
Kf2 Ke6 60. Nc4 Kd5 61. Nb6+ Kd4 62. Nd7 h6 63. Nf8 g5 64. Ne6+ Kd5 65. Nd8 Ke5
66. Nc6+ Kf6 67. Nd4 h5 68. gxh5 Nxh5 69. Ne2 Ke5 70. Kg2 Nf6 71. Ng1 Kf5 72.
Nh3 Nd7 73. Ng1 Ne5 74. Kf2 Nc6 75. Kg2 Nd4 76. Kf2 Nc2 77. Ne2 Ke5 78. Nc3 Na3
79. Ne2 Nb5 80. Kg2 Kf5 81. Kh3 Nd6 82. Nd4+ Kg6 83. Ne6 Kf6 84. Nd4 Nf5 85.
Ne2 Ne3 86. Kh2 Ke5 87. Kg1 Nd1 88. Kg2 Nb2 89. Ng1 Nd3 90. Ne2 Kd5 91. Ng1 Ne5
92. Nh3 Nf7 93. Kf2 Kd4 94. Ke2 Kc4 95. Nf2 Kc3 96. Nh3 Kc2 1/2-1/2

[Event "Bundesliga 9899"]
[Site "Deutschland"]
[Date "1998.12.12"]
[Round "5.3"]
[White "Conquest, Stuart"]
[Black "Gallagher, Joseph G"]
[Result "0-1"]
[WhiteElo "2480"]
[BlackElo "2490"]
[PlyCount "78"]
[EventDate "1998.10.17"]
[EventType "team"]
[EventRounds "15"]
[EventCountry "GER"]
[SourceTitle "Bundesliga 9899"]
[Source "DeepChess"]
[SourceDate "2005.01.01"]
[SourceVersion "1"]
[SourceVersionDate "2005.01.01"]
[SourceQuality "1"]
[WhiteTeam "Delmenhorster SK 1931"]
[BlackTeam "SV Castrop Rauxel 1923"]
[WhiteTeamCountry "GER"]
[BlackTeamCountry "GER"]

1. e4 c5 2. Nf3 d6 3. d4 cxd4 4. Nxd4 Nf6 5. Nc3 a6 6. Be2 e5 7. Nb3 Be7 8. O-O
O-O 9. Kh1 b5 10. a4 b4 11. Nd5 Bb7 12. Nxe7+ Qxe7 13. f3 d5 14. exd5 Bxd5 15.
Bg5 Rd8 16. Qe1 Nc6 17. Nd2 h6 18. Bh4 Nd4 19. Bd3 Rac8 20. Rc1 a5 21. Qf2 Rd6
22. Rfe1 Qe6 23. Bg3 Nd7 24. f4 Nc5 25. Bb5 Nxb5 26. axb5 Rdd8 27. fxe5 a4 28.
Re3 Bb7 29. Rf1 Rd7 30. Bh4 Qd5 31. Re2 a3 32. bxa3 bxa3 33. Qg3 a2 34. Bf6 Ne6
35. Nb3 Qxb5 36. Ref2 Rxc2 37. Na1 Rxf2 38. Qxf2 gxf6 39. exf6 Qg5 0-1

[Event "Bundesliga 9899"]
[Site "Deutschland"]
[Date "1998.12.12"]
[Round "5.4"]
[White "Seul, Georg"]
[Black "Gisbrecht, Ewgeni"]
[Result "1/2-1/2"]
[WhiteElo "2435"]
[BlackElo "2415"]
[PlyCount "86"]
[EventDate "1998.10.17"]
[EventType "team"]
[EventRounds "15"]
[EventCountry "GER"]
[SourceTitle "Bundesliga 9899"]
[Source "DeepChess"]
[SourceDate "2005.01.01"]
[SourceVersion "1"]
[SourceVersionDate "2005.01.01"]
[SourceQuality "1"]
[WhiteTeam "SV Castrop Rauxel 1923"]
[BlackTeam "Delmenhorster SK 1931"]
[WhiteTeamCountry "GER"]
[BlackTeamCountry "GER"]

1. e4 c5 2. Nf3 Nf6 3. e5 Nd5 4. Nc3 Nxc3 5. dxc3 Nc6 6. Bf4 e6 7. Qe2 Qc7 8.
Qe3 d5 9. exd6 Bxd6 10. Bxd6 Qxd6 11. Rd1 Qe7 12. Bd3 Bd7 13. O-O Rd8 14. Be4
O-O 15. Rd3 f5 16. Bxc6 Bxc6 17. Re1 Be4 18. Rxd8 Rxd8 19. Ng5 Bd5 20. h3 e5
21. b3 h6 22. Nf3 e4 23. Nd2 b6 24. f3 Bc6 25. fxe4 fxe4 26. Nf1 Qd6 27. Re2
Qe5 28. Qg3 Qe6 29. Ne3 Kh7 30. Kh2 Qf6 31. Ng4 Qd6 32. Qxd6 Rxd6 33. Ne3 Rd8
34. Kg3 Kg6 35. Rf2 Bb7 36. h4 Bc6 37. Rf5 Rd2 38. h5+ Kh7 39. Re5 Re2 40. Kf4
Rf2+ 41. Kg3 Re2 42. Kf4 Rf2+ 43. Kg3 Re2 1/2-1/2

[Event "Bundesliga 9899"]
[Site "Deutschland"]
[Date "1998.12.12"]
[Round "5.5"]
[White "Lauber, Arnd"]
[Black "Appel, Ralf"]
[Result "1-0"]
[WhiteElo "2370"]
[BlackElo "2495"]
[PlyCount "115"]
[EventDate "1998.10.17"]
[EventType "team"]
[EventRounds "15"]
[EventCountry "GER"]
[SourceTitle "Bundesliga 9899"]
[Source "DeepChess"]
[SourceDate "2005.01.01"]
[SourceVersion "1"]
[SourceVersionDate "2005.01.01"]
[SourceQuality "1"]
[WhiteTeam "Delmenhorster SK 1931"]
[BlackTeam "SV Castrop Rauxel 1923"]
[WhiteTeamCountry "GER"]
[BlackTeamCountry "GER"]

1. d4 Nf6 2. c4 g6 3. Nc3 Bg7 4. e4 O-O 5. Nf3 c6 6. Be2 d5 7. e5 Ne4 8. O-O
Na6 9. h3 Nc7 10. Bd3 Nxc3 11. bxc3 dxc4 12. Bxc4 Bf5 13. a4 b5 14. Bb3 Qd7 15.
Ba3 Bh6 16. axb5 Nxb5 17. Bb2 Nc7 18. Re1 Rfb8 19. Bxf7+ Kf8 20. Ba3 Ne6 21.
Bxe6 Bxe6 22. Nd2 Kg7 23. Ne4 Bd5 24. e6 Qxe6 25. Ng5 Qf5 26. Rxe7+ Kg8 27. Re5
Qd7 28. Qe2 Bg7 29. Re7 Qf5 30. Ne4 a5 31. Bd6 Rb3 32. Be5 Bxe5 33. Rxe5 Qf4
34. c4 Bf7 35. g3 Qf3 36. Qxf3 Rxf3 37. Rexa5 Rxa5 38. Rxa5 Rd3 39. Ra8+ Kg7
40. Ra7 Kf8 41. Ng5 Bxc4 42. Nxh7+ Ke8 43. Nf6+ Kf8 44. Nd7+ Ke8 45. Ne5 Rd1+
46. Kh2 Bd5 47. g4 g5 48. f3 Rxd4 49. Kg3 Rd2 50. h4 Re2 51. Ra8+ Ke7 52. Ng6+
Kf6 53. h5 Bf7 54. Rc8 Rc2 55. Nf8 Kg7 56. Nd7 Rc3 57. Rc7 Re3 58. Nc5 1-0

[Event "Bundesliga 9899"]
[Site "Deutschland"]
[Date "1998.12.12"]
[Round "5.6"]
[White "Dinstuhl, Volkmar"]
[Black "Beckemeier, Werner"]
[Result "0-1"]
[WhiteElo "2415"]
[BlackElo "2380"]
[PlyCount "62"]
[EventDate "1998.10.17"]
[EventType "team"]
[EventRounds "15"]
[EventCountry "GER"]
[SourceTitle "Bundesliga 9899"]
[Source "DeepChess"]
[SourceDate "2005.01.01"]
[SourceVersion "1"]
[SourceVersionDate "2005.01.01"]
[SourceQuality "1"]
[WhiteTeam "SV Castrop Rauxel 1923"]
[BlackTeam "Delmenhorster SK 1931"]
[WhiteTeamCountry "GER"]
[BlackTeamCountry "GER"]

1. d4 Nf6 2. c4 e6 3. Nf3 c5 4. Nc3 cxd4 5. Nxd4 Bb4 6. g3 Qa5 7. Bd2 Qb6 8. e3
Nc6 9. a3 Be7 10. Na4 Qc7 11. Rc1 b6 12. Nc3 Bb7 13. f3 h5 14. Nxc6 dxc6 15.
Qe2 Rd8 16. Bg2 h4 17. f4 c5 18. g4 h3 19. Bxb7 Qxb7 20. Rg1 Ne4 21. Nxe4 Qxe4
22. g5 f6 23. Bc3 fxg5 24. Bxg7 Rg8 25. Bc3 g4 26. Bd2 Bf6 27. Rd1 Ke7 28. b4
Bh4+ 29. Kf1 g3 30. Qh5 Qxc4+ 31. Ke1 Rh8 0-1

[Event "Bundesliga 9899"]
[Site "Deutschland"]
[Date "1998.12.12"]
[Round "5.8"]
[White "Hermesmann, Hans"]
[Black "Jugelt, Tobias"]
[Result "0-1"]
[WhiteElo "2300"]
[BlackElo "2360"]
[PlyCount "64"]
[EventDate "1998.10.17"]
[EventType "team"]
[EventRounds "15"]
[EventCountry "GER"]
[SourceTitle "Bundesliga 9899"]
[Source "DeepChess"]
[SourceDate "2005.01.01"]
[SourceVersion "1"]
[SourceVersionDate "2005.01.01"]
[SourceQuality "1"]
[WhiteTeam "SV Castrop Rauxel 1923"]
[BlackTeam "Delmenhorster SK 1931"]
[WhiteTeamCountry "GER"]
[BlackTeamCountry "GER"]

1. d4 g6 2. c4 Bg7 3. Nc3 c5 4. d5 Bxc3+ 5. bxc3 Qa5 6. Qc2 f5 7. h3 Nf6 8. Bh6
Rg8 9. Nf3 Ne4 10. Rc1 d6 11. Ng5 Nxg5 12. Bxg5 Nd7 13. e4 Ne5 14. f4 Nf7 15.
Bh4 Bd7 16. Bd3 fxe4 17. Bxe4 O-O-O 18. O-O Rde8 19. Kh1 Qa6 20. Bd3 e5 21.
dxe6 Bxe6 22. Qb3 Bxh3 23. Kh2 Bf5 24. Rcd1 Bxd3 25. Rxd3 Re4 26. Rb1 b6 27.
Rh3 h5 28. Bg3 Qxc4 29. Qd1 Re2 30. Qf1 Nh6 31. Re1 Rge8 32. f5 Ng4+ 0-1

[Event "Bundesliga 9899"]
[Site "Deutschland"]
[Date "1998.12.12"]
[Round "5.1"]
[White "Bologan, Viktor"]
[Black "Nielsen, Peter Heine"]
[Result "1/2-1/2"]
[WhiteElo "2580"]
[BlackElo "2505"]
[PlyCount "86"]
[EventDate "1998.10.17"]
[EventType "team"]
[EventRounds "15"]
[EventCountry "GER"]
[SourceTitle "Bundesliga 9899"]
[Source "DeepChess"]
[SourceDate "2005.01.01"]
[SourceVersion "1"]
[SourceVersionDate "2005.01.01"]
[SourceQuality "1"]
[WhiteTeam "Dresdner SC 1898"]
[BlackTeam "SV Wattenscheid 1930"]
[WhiteTeamCountry "GER"]
[BlackTeamCountry "GER"]

1. e4 c5 2. Nf3 g6 3. d4 cxd4 4. Nxd4 Bg7 5. Nc3 Nc6 6. Be3 Nf6 7. Bc4 Qa5 8.
O-O O-O 9. Bb3 d6 10. h3 Bd7 11. Re1 Rfe8 12. Qe2 Qh5 13. Qc4 Ne5 14. Qf1 Nc6
15. Nde2 Qa5 16. f4 Qc7 17. Qf2 b6 18. g4 Na5 19. Ng3 Nxb3 20. cxb3 Bc6 21. g5
Nd7 22. Rad1 Nc5 23. Bd4 Bxd4 24. Qxd4 e5 25. Qxd6 Qxd6 26. Rxd6 exf4 27. Rxc6
fxg3 28. Nd5 Re5 29. b4 Ne6 30. h4 Rd8 31. Rc8 Rexd5 32. exd5 Rxc8 33. dxe6
fxe6 34. Rxe6 Rc2 35. Re7 Rxb2 36. Rxa7 Rxb4 37. Kg2 Rxh4 38. Kxg3 Rb4 39. a4
Rc4 40. a5 Rc3+ 41. Kf4 Rc4+ 42. Kg3 bxa5 43. Rxa5 Rb4 1/2-1/2

[Event "Bundesliga 9899"]
[Site "Deutschland"]
[Date "1998.12.12"]
[Round "5.2"]
[White "Hall, Jesper"]
[Black "Maiwald, Jens Uwe"]
[Result "1/2-1/2"]
[WhiteElo "2460"]
[BlackElo "2460"]
[PlyCount "73"]
[EventDate "1998.10.17"]
[EventType "team"]
[EventRounds "15"]
[EventCountry "GER"]
[SourceTitle "Bundesliga 9899"]
[Source "DeepChess"]
[SourceDate "2005.01.01"]
[SourceVersion "1"]
[SourceVersionDate "2005.01.01"]
[SourceQuality "1"]
[WhiteTeam "SV Wattenscheid 1930"]
[BlackTeam "Dresdner SC 1898"]
[WhiteTeamCountry "GER"]
[BlackTeamCountry "GER"]

1. e4 c5 2. Nf3 e6 3. d4 cxd4 4. Nxd4 a6 5. Bd3 g6 6. O-O Bg7 7. Nb3 Nc6 8. a4
Nge7 9. Nc3 d5 10. exd5 exd5 11. Ne2 O-O 12. c3 Ne5 13. Bf4 N7c6 14. Nbd4 Re8
15. Bc2 Qb6 16. b3 Bd7 17. Qd2 Rac8 18. Rac1 Bg4 19. Be3 Bxe2 20. Nxe2 Qa5 21.
h3 Rcd8 22. Rfe1 Bf8 23. Bg5 Be7 24. Bxe7 Rxe7 25. Rcd1 Qb6 26. Kf1 Rd6 27. Qg5
f6 28. Qg3 d4 29. cxd4 Nxd4 30. Nxd4 Rxd4 31. Rxd4 Qxd4 32. Rd1 Qc5 33. Be4 Kg7
34. Kg1 b5 35. axb5 axb5 36. Kh2 Rd7 37. Rxd7+ 1/2-1/2